Principios de administración de operaciones./ (Registro nro. 9066)

Detalles MARC
000 -LEADER
fixed length control field 01520nam a2200217Ia 4500
005 - FECHA Y HORA DE LA ÚLTIMA TRANSACCIÓN
control field 20250610092007.0
008 - FIXED-LENGTH DATA ELEMENTS--GENERAL INFORMATION
fixed length control field 230823s9999 xx 000 0 und d
020 ## - INTERNATIONAL STANDARD BOOK NUMBER
International Standard Book Number 978-607-442-099-9
040 ## - CATALOGING SOURCE
Original cataloging agency UPAN
Transcribing agency Biblioteca San Vicente
Description conventions RCAA2
041 ## - LANGUAGE CODE
Language code of text/sound track or separate title spa
082 ## - DEWEY DECIMAL CLASSIFICATION NUMBER
Classification number 658.54
Item number H459p
año de publicación 2009
100 ## - MAIN ENTRY--PERSONAL NAME
Personal name Heizer, Jay
Relator code aut.
245 #0 - TITLE STATEMENT
Title Principios de administración de operaciones./
Statement of responsibility, etc Jay Heizer
250 ## - EDITION STATEMENT
Edition statement 7ª ed.
260 ## - PUBLICATION, DISTRIBUTION, ETC. (IMPRINT)
Place of publication, distribution, etc México:
Name of publisher, distributor, etc Pearson,
Date of publication, distribution, etc 2009
300 ## - PHYSICAL DESCRIPTION
Extent 752 p.;
Dimensions 27 cm.
505 ## - FORMATTED CONTENTS NOTE
Formatted contents note Parte Uno: Introducción a la administración de operaciones.<br/>1. Operaciones y productividad.<br/>2. Estrategia de operaciones en un entorno global.<br/>3. Administración de proyectos.<br/>4. Pronósticos.<br/>Parte Dos: Diseño de operaciones.<br/>5. Diseño de bienes y servicios.<br/>6. Administración de la calidad.<br/>Suplemento 6. Control estadístico del proceso.<br/>7. Estrategia del proceso.<br/>Suplemento 7. Planeación de la capacidad.<br/>8. Estrategias de localización.<br/>9. Estrategias de distribución de instalaciones.<br/>10. Recursos humanos y diseño del trabajo.<br/>Suplemento 10. Medición del trabajo.<br/>Parte Tres: Administración de operaciones.<br/>11. Administración de la cadena de suministro.<br/>12. Administración de inventarios.<br/>13. Planeación agregada.<br/>14. Planeación de requerimientos de materiales (MRP) y ERP.<br/>15. Programación a corto plazo.<br/>16. JIT y operaciones esbeltas.<br/>17. Mantenimiento y confiabilidad.
650 ## - SUBJECT ADDED ENTRY--TOPICAL TERM
Source of heading or term LEMB
General subdivision Administración
700 ## - ADDED ENTRY--PERSONAL NAME
Personal name Render, Barry
Relator code aut.
942 ## - ADDED ENTRY ELEMENTS (KOHA)
Koha item type Libros
Source of classification or shelving scheme Dewey Decimal Classification
Existencias
Withdrawn status Lost status Source of classification or shelving scheme Damaged status Not for loan Collection code Home library Current library Date acquired Total Checkouts Full call number Barcode Date last seen Copy number Price effective from Koha item type
    Dewey Decimal Classification     Colección General Biblioteca UPAN San Vicente Biblioteca UPAN San Vicente 23/08/2023   658.54 H459p 12002727 23/08/2023 01 23/08/2023 Libros
    Dewey Decimal Classification     Colección General Biblioteca UPAN San Vicente Biblioteca UPAN San Vicente 31/08/2023   658.54 H459p 12002726 31/08/2023 02 31/08/2023 Libros
    Dewey Decimal Classification     Colección General Biblioteca UPAN San Vicente Biblioteca UPAN San Vicente 31/08/2023   658.54 H459p 12002725 31/08/2023 03 31/08/2023 Libros